[Event "BCF-ch U12"]
[Site "Coventry"]
[Date "2015.08.07"]
[Round "7"]
[White "Harman, George"]
[Black "Popat, Anaya"]
[Result "1-0"]
[WhiteElo "121"]
[BlackElo "102"]
[PlyCount "116"]
[EventDate "2015.08.02"]
[EventType "swiss"]
[EventRounds "7"]
[EventCountry "ENG"]
[SourceTitle "CBM 167 Extra"]
[Source "ChessBase"]
[SourceDate "2015.09.14"]
[SourceVersion "1"]
[SourceVersionDate "2015.09.14"]
[SourceQuality "1"]

1. e4 c5 2. Nc3 e6 3. Nf3 d5 4. exd5 exd5 5. Bb5+ Bd7 6. Qe2+ Qe7 7. Nxd5 Bxb5 8. Qxe7+ Bxe7 9. Nc7+ Kd8 10. Nxb5 a6 11. Nc3 Nf6 12. Ne5 Ke8 13. 0-0 Kf8 14. b3 Bd6 15. Nc4 Bc7 16. Ba3 Nbd7 17. Bb2 h5 18. Ne3 Ng4 19. Nxg4 hxg4 20. g3 Nf6 21. Rfe1 Rd8 22. Re2 Nd5 23. Nxd5 Rxd5 24. Rae1 Rd8 25. Bc3 b5 26. Re7 Bb6 27. Rb7 b4 28. Bxb4 cxb4 29. Rxb6 a5 30. Rb5 Ra8 31. Re4 g6 32. Rxg4 Kg7 33. Rf4 Ra7 34. h4 Rc8 35. d3 Re8 36. Re4 Rc8 37. Rc4 Re8 38. Kf1 Re6 39. Rcc5 Rea6 40. Ke2 Re7+ 41. Re5 Rc7 42. Rbc5 Rca7 43. Ke3 f6 44. Re4 Rd7 45. Rcc4 Rb6 46. Rcd4 Rc7 47. Rc4 Rd7 48. Red4 Re7+ 49. Kd2 Reb7 50. Rc5 Ra7 51. Rdc4 Rbb7 52. Rc6 Rf7 53. Rd4 Rab7 54. Rd8 f5 55. Rdd6 Rb5 56. Rd8 Rf8 57. Rdd6 Rb7 58. Rxg6+ Kh8 1-0